Qué tan bien está nuestro liceo?: orientaciones para la autoevaluación

Uloženo v:
Podrobná bibliografie
Hlavní autoři: Briones S., Leopoldo (Autor), Chaparro, Mónica (Autor), Dahuabe, Denisse (Autor), Fuentealba, Rodrigo (Autor), Vera, Leonardo (Autor)
Další autoři: Noguera Echenique, María Inés (autora)
Médium: Kniha
Jazyk:španělština
Vydáno: Santiago Mineduc 2002
Vydání:1a. ed
Témata:
Tagy: Přidat tag
Žádné tagy, Buďte první, kdo vytvoří štítek k tomuto záznamu!

MARC

LEADER 00000nam a2200000 a 4500
001 UCL1100
003 CL-VaPUC
008 030829e20020000CL |||||||||||||||||spa|d
020 |a 9562920097 
082 0 4 |a 373.83  |b BRI  |2 21 
100 0 |a Briones S., Leopoldo  |e author  |9 477956 
700 0 |a Chaparro, Mónica  |e author  |9 477957 
700 0 |a Dahuabe, Denisse  |e author  |9 477958 
700 0 |a Fuentealba, Rodrigo  |e author  |9 477959 
700 0 |a Vera, Leonardo  |e author  |9 477960 
700 |a Noguera Echenique, María Inés  |e autora  |9 479012 
245 1 0 |a Qué tan bien está nuestro liceo?: orientaciones para la autoevaluación 
250 |a 1a. ed 
300 |a 64 p 
942 |c BK 
945 |d 20030829 00:00:00  |a cmena 
260 |a Santiago  |b Mineduc  |c 2002 
500 |a Incluye poster: Síntesis de autoevaluación 
500 |a Complementario con: Prácticas de gestión. Prácticas pedagógicas. Prácticas de los estudiantes. Plan de trabajo. Cuenta pública 
650 0 |a Evaluación de la educación   |9 237505 
650 0 |a Calidad de la educación   |9 307271 
650 0 |a Autoevaluación   |9 307807 
583 |a last modification  |c 20150713 05:46:49  |k Rodrigo Vera 
999 |c 304778  |d 304776 
952 |0 0  |1 0  |4 0  |6 373_830000000000000_BRI_2002  |7 0  |8 P  |9 367511  |a BIBEDU  |b BIBEDU  |c BIBEDU_PB  |d 2019-11-21  |i 3917207  |o 373.83 BRI 2002  |p 3917207  |r 2024-01-25  |w 2019-11-21  |y BK  |k EPE